| 000 -LEADER |
| fixed length control field |
00565nam a22002057a 4500 |
| 008 - FIXED-LENGTH DATA ELEMENTS--GENERAL INFORMATION |
| fixed length control field |
150331b xxu||||| |||| 00| 0 eng d |
| 020 ## - INTERNATIONAL STANDARD BOOK NUMBER |
| International Standard Book Number |
9780618214178 |
| 041 0# - LANGUAGE CODE |
| Language code of text/sound track or separate title |
eng |
| 080 ## - UNIVERSAL DECIMAL CLASSIFICATION NUMBER |
| Universal Decimal Classification number |
336 |
| 100 1# - Rafti |
| Rafti |
Garman, E. Thomas. |
| 245 ## - TITLE STATEMENT |
| Title |
Personal finance / |
| Statement of responsibility, etc |
E. Thomas Garman, Raymond E. Forgue. |
| 250 ## - |
| -- |
7th ed. |
| 260 ## - |
| -- |
Boston : |
| -- |
Houghton Mifflin, |
| -- |
2003. |
| 300 ## - |
| -- |
[608] f.; |
| -- |
me il.; |
| -- |
26 cm |
| 500 ## - |
| -- |
Preface :f.xxii-xxxii |
| 505 ## - |
| -- |
Index: f. A15-A38 |
| 650 #0 - |
| -- |
Financat Personale |
| 700 1# - |
| -- |
Forgue, Raymond E. |
| 942 ## - ADDED ENTRY ELEMENTS (KOHA) |
| Source of classification or shelving scheme |
|
| Item type |
Books |